000 00673nam a2200229Ia 4500
003 OSt
005 20220923212437.0
006 a|||||r|||| 00| 0
007 ta
008 220922b |||||||| |||| 00| 0 hin d
024 _a153,010
037 _cTextual
040 _aARTS
_cARTS
_bhin
041 _2hin
_ahin
082 _aO142:3M18:13, J6
100 _aतुर्गनेव
_9156277
245 0 _aरूदिन, कृष्ण मोहन गुप्त अनु
246 _aRūdina, kṛuṣhṇa mohan gupta anu0
260 _c1956
942 _hO142:3M18:13, J6
_cTEXL
_2CC
999 _c308658
_d308658